Galvanómetros
Publicado:
Barcelona :
Escuela Elemental del Trabajo de la Diputación Provincial de Barcelona (E.E.T. Artes Gráficas ,
1950
Descripción Física:
31 p. : il. ; 21 cm
Otros Autores:
Escola Elemental del Treball (Barcelona)
,
Servicio de Extensión de Enseñanzas Técnicas
Materias:
Galvanòmetres
MARC
| LEADER | 00000nam a2200000Ia 4500 | ||
|---|---|---|---|
| 001 | 1992 | ||
| 008 | 160829s1950) xx 000 0 cat d | ||
| 080 | |a FU-5-43 | ||
| 245 | |a Galvanómetros | ||
| 260 | |a Barcelona : |b Escuela Elemental del Trabajo de la Diputación Provincial de Barcelona (E.E.T. Artes Gráficas, |c 1950) | ||
| 300 | |a 31 p. : |b il. ; |c 21 cm | ||
| 590 | |a A la part superior de la portada: Publicaciones del Servicio de Extensión de Enseñanzas Técnicas. Editorial y Escuela por correspondencia. | ||
| 650 | |a Galvanòmetres |9 22816 | ||
| 700 | |a Escola Elemental del Treball (Barcelona) |9 55345 | ||
| 700 | |a Servicio de Extensión de Enseñanzas Técnicas |9 22818 | ||
| 710 | 1 | |a Barcelona (Catalunya : Província). |b Diputació |9 52408 | |
| 856 | 4 | |u https://media.diba.cat/diba/fitxers/arxiu/fulletons/bib_1992_baixa.pdf |y Accés lliure | |
| 856 | 4 | |u https://media.diba.cat/diba/fitxers/arxiu/fulletons/bib_1992_baixa.pdf |y Accés lliure | |
| 901 | |a Arxiu | ||
| 942 | |n 1 |2 udc | ||
| 952 | |0 0 |1 0 |4 0 |6 FU543 |7 1 |9 42349 |a Arxiu |b Arxiu |d 2016-12-01 |l 0 |o FU-5-43 |p 1992 |r 2016-12-01 00:00:00 |w 2016-12-01 |y ARXIU | ||
| 999 | |c 44827 |d 44827 | ||
| 900 | |a bib_1992_baixa.pdf | ||